Tun Fatimah : Heroin Of Malacca

Bibliographic Details
Main Author: Hamzah Hamdani
Format: Book
Language:English
Published: Selangor : P.T.Gedung Ilmu , 1991
Series:Patriots Of The Malay Archipelago
Subjects:

MARC

LEADER 00000cam a2200000 7i4500
001 0000095623
005 20120716.0
008 100526 eng
020 |a 9839653016 
090 0 0 |a JF SER 
100 1 |a Hamzah Hamdani 
245 1 0 |a Tun Fatimah :   |b Heroin Of Malacca   |c Hamzah Hamdani 
260 |a Selangor :   |b P.T.Gedung Ilmu ,   |c 1991 
300 |a 48p. :   |b ill. ;   |c 21cm. 
440 0 |a Patriots Of The Malay Archipelago 
650 0 0 |a Junior Fiction 
999 |a 0000128057   |b Buku   |c Koleksi Pinjaman Kanak-Kanak   |e Perpustakaan Cawangan Masjid Tanah 
999 |a 0000337711   |b Buku   |c Koleksi Pinjaman Kanak-Kanak   |e Perpustakaan Cawangan Jasin